Microecosistemas de Colombia: (Registro nro. 20097)

Detalles MARC
000 -CABECERA
Campo de control 00808nam a22002537a 4500
005 - FECHA Y HORA DE LA ULTIMA TRANSACCION
Campo de control 20180803170443.0
008 - ELEMENTOS DE LONGITUD FIJA—INFORMACION GENERAL
Campo de control 180309b2017 ck ||||| |||| 00| 0 spa d
020 ## - ISBN
ISBN 9789589916995
040 ## - FUENTE DE CATALOGACIÓN
Agencia catalogadora original CO-BoIAVH
Agencia transcriptora CO-BoIAVH
041 ## - IDIOMA
Código de idioma para texto/pista de sonido o título separado Español
044 ## - PAÍS DE PUBLICACIÓN
País de publicación Colombia
082 ## - NUMERO DE CLASIFICACION DECIMAL DEWEY
Número de clasificación 577.1
Número del ítem D54m
100 ## - ASIENTO PRINCIPAL--NOMBRE PERSONAL
Nombre personal Díaz Merlano, Juan Manuel
Término relacionado autor
9 (RLIN) 504
245 10 - MENCION DE TITULO
Título Microecosistemas de Colombia:
Parte restante del título biodiversidad en detalle
260 ## - PUBLICACION, DISTRIBUCION, ETC. (PIE DE IMPRENTA)
Lugar de publicación, distribución, etc. Cali:
Nombre del editor, distribuidor, etc. Banco de Ociidente,
Fecha de publicación, distribución, etc. 2017.
300 ## - DESCRIPCION FISICA
Extensión 208 páginas
Dimensiones 24 x 33
650 14 - ASIENTO SECUNDARIO DE MATERIA - TERMINO TEMATICO
Término temático o nombre geográfico como elemento de entrada Microescosistemas
Subdivisión general Terrestres
9 (RLIN) 90327
650 14 - ASIENTO SECUNDARIO DE MATERIA - TERMINO TEMATICO
Término temático o nombre geográfico como elemento de entrada Sistemas
Subdivisión general Agua dulce
9 (RLIN) 90328
650 14 - ASIENTO SECUNDARIO DE MATERIA - TERMINO TEMATICO
Término temático o nombre geográfico como elemento de entrada Recursos naturales
Subdivisión general Conservación
9 (RLIN) 90329
650 14 - ASIENTO SECUNDARIO DE MATERIA - TERMINO TEMATICO
Término temático o nombre geográfico como elemento de entrada Biodiversidad
Subdivisión general Distribucción
9 (RLIN) 90330
650 14 - ASIENTO SECUNDARIO DE MATERIA - TERMINO TEMATICO
Término temático o nombre geográfico como elemento de entrada Ecosistemas marinos
9 (RLIN) 93451
650 14 - ASIENTO SECUNDARIO DE MATERIA - TERMINO TEMATICO
Término temático o nombre geográfico como elemento de entrada Regiones naturales
9 (RLIN) 7096
942 ## - ELEMENTOS ADICIONALES (KOHA)
Sistema de clasificación Dewey Decimal Classification
Tipo de ítem Libro
Existencias
Withdrawn status Lost status Sistema de Clasificación Damaged status No para préstamo Colección Ubicación Permanente Ubicación actual Fecha de adquisición Fuente de Valor Valor Total Checkouts Número topográfico Inventario / Código de Barras Date last seen Ejemplar Price effective from Forma de adquisición Tipo de material
    Dewey Decimal Classification     General Bogotá Bogotá 09/03/2018 IM editores 159000.00   LB-577.1 D54m 043188 09/03/2018 Ej. 1 09/03/2018 Donación Libro